[Event "Open Qualifcatif Marseille"]
[Site "?"]
[Date "2006.03.18"]
[Round "6.5"]
[White "Baghafor, Sihem"]
[Black "Desormes, Olivier"]
[Result "0-1"]
[WhiteElo "1310"]
[BlackElo "1620"]
[PlyCount "78"]
[EventDate "2006.05.10"]
[SourceDate "2005.12.02"]

1. e4 e6 2. d4 d5 3. exd5 exd5 4. Bf4 Bd6 5. Be3 Nf6 6. Nf3 Nc6 7. Bb5 Bd7 8.
O-O O-O 9. Nc3 Ne7 10. Bd3 Ng6 11. Ng5 Ng4 12. Nf3 Nxe3 13. fxe3 c6 14. e4 dxe4
15. Nxe4 Be7 16. Qd2 Bg4 17. Nfg5 $2 (17. c3) 17... h6 18. Nf3 Bxf3 19. Rxf3
Qxd4+ 20. Kh1 Ne5 21. Rg3 Ng6 22. Rb1 Rfe8 23. Rg4 Qd7 24. Qe2 Ne5 25. Rg3 Nxd3
26. cxd3 Rad8 27. Rf1 Qd4 28. Qd2 $4 Qxe4 $1 29. Qxh6 Qh7 $1 30. Qf4 g6 31. Rh3
Qg7 32. Rff3 Bd6 $1 33. Qc1 Qxb2 $1 34. Qf1 (34. Qxb2 $4 Re1+) 34... Qe2 35.
Qxe2 $2 Rxe2 36. Rf1 Rde8 37. g3 Rxa2 38. Rb1 a5 39. Rxb7 $4 Re1# 0-1

[Event "Open Qualifcatif Marseille"]
[Site "?"]
[Date "2006.03.18"]
[Round "6.6"]
[White "Khalifa, Alexandre"]
[Black "Corrias, Robert"]
[Result "0-1"]
[WhiteElo "1690"]
[BlackElo "1800"]
[PlyCount "62"]
[EventDate "2006.05.10"]
[SourceDate "2005.12.02"]

1. d4 c5 2. Be3 Nf6 3. dxc5 Na6 4. c3 g6 5. Bd4 Bg7 6. e4 O-O 7. Nd2 $2 (7.
Bxa6) 7... e5 $4 8. Bxe5 Nxc5 9. Bd6 $1 Qb6 10. Nc4 $6 Qc6 11. Bxf8 Bxf8 $2 (
11... Qxe4+ {etait sans doute legerement meilleur}) 12. f3 d5 13. exd5 Nxd5 14.
Bd3 Nf4 $1 15. Ne5 $4 Qe6 16. Ne2 Qxe5 17. Bc4 $2 Nxg2+ $1 18. Kf2 Bh3 19. Qd2
Ne6 20. Rhg1 $4 Bc5+ $1 21. Kf1 Bxg1 $6 (21... Nh4+ $3 22. Ke1 Nxf3+ 23. Kd1
Nxd2) 22. Kxg1 Rd8 23. Qh6 Qe3+ 24. Qxe3 Nxe3 {
Bilan: piece net de plus pour les Noirs.} 25. Kf2 $4 Nxc4 26. Kg3 Bf5 27. Re1
$2 Nxb2 28. Rb1 $4 Rd2 $2 (28... Bxb1) 29. Re1 Nd3 $1 30. Rb1 Rxe2 31. Rxb7
Rxa2 {Les Blancs abndonnent (#6 d'apres Fritz)} 0-1

[Event "Open Qualifcatif Marseille"]
[Site "?"]
[Date "2006.03.18"]
[Round "6.8"]
[White "Plancq, Jacques"]
[Black "Munos, Yves"]
[Result "0-1"]
[WhiteElo "1290"]
[BlackElo "1580"]
[PlyCount "72"]
[EventDate "2006.05.10"]
[SourceDate "2005.12.02"]

1. e4 c5 2. Nf3 Nc6 3. Bc4 e6 4. d4 cxd4 5. Nxd4 a6 6. Nxc6 bxc6 7. O-O Nf6 8.
Bg5 Be7 9. Nd2 e5 10. Bxf6 Bxf6 11. Qh5 O-O 12. Nf3 $2 g6 13. Qh3 $4 (13. Qh6)
13... d5 $1 14. Qg3 dxc4 15. Nxe5 Bxe5 16. Qxe5 Be6 17. Rad1 Qb6 18. Qd4 Qxd4
19. Rxd4 Rfd8 20. Rxd8+ Rxd8 21. c3 Rd2 22. b4 cxb3 23. axb3 Bxb3 24. Rb1 a5
25. g3 Rd1+ 26. Rxd1 Bxd1 27. Kf1 a4 28. Ke1 Bc2 (28... a3 $1) 29. Kd2 Bxe4 30.
Kc1 Bd5 31. Kb2 Bb3 32. Ka3 c5 33. f4 Kg7 34. Kb2 Kf6 35. g4 h5 36. gxh5 gxh5 {
Les Blancs abandonnent.} 0-1

[Event "Open Qualifcatif Marseille"]
[Site "?"]
[Date "2006.03.18"]
[Round "6.9"]
[White "De Albera, Pierre"]
[Black "Martinet, Jean-Marie"]
[Result "1/2-1/2"]
[WhiteElo "1650"]
[BlackElo "1370"]
[PlyCount "89"]
[EventDate "2006.05.10"]
[SourceDate "2005.12.02"]

1. c4 e6 2. Nc3 d5 3. cxd5 exd5 4. d4 Nf6 5. Nf3 Bf5 6. a3 h6 7. g3 c6 8. Bg2
Bd6 9. O-O O-O 10. Re1 Nbd7 11. Nd2 Re8 12. e4 dxe4 13. Ndxe4 Nxe4 14. Nxe4 Nf6
15. Nxd6 Qxd6 16. Bf4 Qd7 17. Be3 Bg4 18. Qb3 Be6 19. Qb4 Bd5 20. Bxd5 Nxd5 21.
Qd2 Qh3 22. Qd3 Re6 23. Qf1 Qxf1+ 24. Kxf1 Rae8 25. Bd2 Rxe1+ 26. Rxe1 Rxe1+
27. Kxe1 Kf8 28. Ke2 Ke7 29. Kd3 f5 30. Be3 Kf6 31. Kc4 b6 32. a4 a5 33. Bd2 g5
34. b4 axb4 35. Bxb4 f4 $2 (35... Nxb4 36. Kxb4 Ke6 $1 37. Kc4 b5+ $3 38. axb5
cxb5+ 39. Kxb5 Kd5 {et le trio de pions blancs saute.}) 36. Bd2 $1 fxg3 37.
hxg3 Kf5 38. f3 h5 39. a5 bxa5 40. Bxa5 h4 41. gxh4 gxh4 42. Be1 Kf4 $2 (42...
h3) 43. Bxh4 Kxf3 44. Bg5 Ke4 45. Bh6 {Les Noirs acceptent la nulle.} 1/2-1/2

[Event "Open Qualifcatif Marseille"]
[Site "?"]
[Date "2006.03.18"]
[Round "6.10"]
[White "Khalifa, Patrick"]
[Black "Mercier, Matthieu"]
[Result "0-1"]
[WhiteElo "1450"]
[BlackElo "1420"]
[PlyCount "62"]
[EventDate "2006.05.10"]
[SourceDate "2005.12.02"]

1. e4 g6 2. Nc3 Bg7 3. Bc4 d6 4. h3 Nd7 5. d4 c6 6. Nge2 Nb6 7. Bb3 Nf6 8. O-O
O-O 9. f4 d5 10. e5 Ne4 11. Nxe4 dxe4 12. a4 a5 13. Ng3 Bf5 14. Nxf5 gxf5 15.
c3 e6 16. g4 Qh4 17. Kh2 Nd5 18. c4 Nb4 19. g5 Nd3 20. Bc2 Nf2 21. Rxf2 Qxf2+
22. Kh1 Rad8 23. Qg1 Qxc2 24. Be3 Qxc4 25. h4 Qe2 26. Rc1 Rd7 27. Rc5 Rfd8 28.
Rc1 Bf8 29. Qg3 c5 30. g6 fxg6 31. Qg5 Qxe3 {Les Blancs abandonnent.} 0-1

[Event "Open Qualifcatif Marseille"]
[Site "?"]
[Date "2006.03.18"]
[Round "6.12"]
[White "Moreau, Lionel"]
[Black "Druel, Patrice"]
[Result "0-1"]
[WhiteElo "1380"]
[BlackElo "1180"]
[PlyCount "103"]
[EventDate "2006.05.10"]
[SourceDate "2005.12.02"]

1. b4 Nf6 2. Bb2 g6 3. e3 Bg7 4. Nf3 d6 5. Bd3 O-O 6. c4 e5 7. e4 Nc6 8. a3 Re8
9. O-O a6 10. h3 Bd7 11. Nc3 Nh5 12. Nd5 Nb8 13. g4 Nf4 14. Nxf4 exf4 15. Qc2
Bxb2 16. Qxb2 Qc8 $2 (16... h5) 17. Nh2 $4 {Coup que je ne m'explique pas!} (
17. Qf6) 17... h5 18. f3 Qd8 19. Rf2 Qh4 {
et maintenant ce sont les Blancs qui ont des problemes...} 20. Kf1 $4 (20. Bf1
{etait necessaire}) 20... Qxh3+ 21. Ke2 hxg4 22. Nxg4 Bxg4 23. fxg4 Qxg4+ 24.
Rf3 Nc6 25. Raf1 $4 Ne5 $1 26. Qd4 Nxf3 27. Rxf3 Qg2+ 28. Rf2 f3+ 29. Ke3 Qg5+
30. Kxf3 Re5 $1 31. Ke2 Qg4+ 32. Ke1 Qh4 33. Kd1 Qg4+ $6 {
Un echec pas mauvais mais qui ne sert a rien...} 34. Kc2 Rf8 35. Be2 $4 Qd7 $2
(35... Qxe4+) 36. Rh2 Qa4+ 37. Kb2 f6 38. Qe3 Kf7 $4 39. Qh6 $4 (39. Rh7+ $1
Ke8 40. Qa7 $3 Re7 41. Qb8+ Kd7 42. Bg4+ $1 f5 43. Qxf8 Rxh7 44. exf5 {
et les Blancs ont un gros avantage.}) 39... Rg5 $2 (39... Rxe4) 40. Qh7+ Ke6
41. Qxc7 Rf7 42. Qc8+ Qd7 43. Qh8 Ke5 44. d4+ Kxd4 45. Rh3 Ke5 46. Qh4 Rg2 $1
47. Re3 Qc6 48. Kc3 Qb6 {Les Blancs abandonnent? Ils auraient pu tenter} 49.
Rd3 {et si} Rxe2 $2 50. Rd5+ $1 Ke6 51. Qg4+ Ke7 52. Qxe2 {
et la position est encore jouable...} 0-1

[Event "Open Qualifcatif Marseille"]
[Site "?"]
[Date "2006.03.18"]
[Round "6.13"]
[White "Baghafor, Sihem"]
[Black "Thiers, Jean-Jacques"]
[Result "0-1"]
[WhiteElo "1430"]
[BlackElo "1680"]
[PlyCount "96"]
[EventDate "2006.05.10"]
[SourceDate "2005.12.02"]

1. e4 c5 2. c3 Nc6 3. Nf3 d6 4. h3 Nf6 5. d3 e6 6. Bg5 Be7 7. Be2 a6 8. a4 Bd7
9. O-O O-O 10. Re1 h6 11. Bh4 b5 12. b3 Qb6 13. Nbd2 Rfb8 14. Bg3 Nh5 15. Bh2
e5 16. Qc2 b4 17. Nxe5 Nxe5 18. Bxh5 bxc3 19. Qxc3 Bf6 {
Les Noirs proposent nulle.} 20. Qc2 Nc6 21. Ra3 Nd4 22. Qb1 Be6 23. Bd1 Bg5 24.
f4 Bh4 25. Re3 Nxb3 26. Bxb3 $2 (26. Rxb3 $1 Bxb3 27. Qxb3 {
et les Blancs ont 2 pieces contre la Tour.}) 26... c4 $1 27. Nf1 cxb3 28. f5
Bd7 29. Kh1 $2 Qb4 30. Qb2 Bf6 31. e5 Bxe5 32. Bxe5 dxe5 33. d4 $2 Qxd4 34.
Qxd4 exd4 35. Rexb3 Rxb3 36. Rxb3 Bxa4 37. Rb4 Bb5 38. Rxd4 $4 Bxf1 39. Rg4 f6
40. Kg1 Bb5 41. Kf2 Rc8 42. Ke3 Rc3+ 43. Kd2 Rd3+ 44. Kc2 Rd5 45. Kc3 Rxf5 46.
Kb4 Rg5 47. Rxg5 hxg5 48. g4 Kf7 {Les Blancs tombent au temps.} 0-1

[Event "Open Qualifcatif Marseille"]
[Site "?"]
[Date "2006.03.18"]
[Round "6.14"]
[White "Velut, Pierre-Marie"]
[Black "Moncomble, Bernard"]
[Result "*"]
[WhiteElo "1640"]
[BlackElo "1440"]
[PlyCount "23"]
[EventDate "2006.05.10"]
[SourceDate "2005.12.02"]

1. d4 g6 2. c4 e6 3. Nc3 Bg7 4. e4 d6 5. Nf3 Ne7 6. Be2 b6 7. O-O c5 8. d5 a6
9. dxe6 Bxc3 10. exf7+ Kxf7 11. bxc3 Bb7 12. Re1 {Probleme de notation.} *

[Event "Open Qualifcatif Marseille"]
[Site "?"]
[Date "2006.03.18"]
[Round "6.15"]
[White "Leadbetter, Peter"]
[Black "Desmas, William"]
[Result "1-0"]
[WhiteElo "1590"]
[BlackElo "1460"]
[PlyCount "91"]
[EventDate "2006.05.10"]
[SourceDate "2005.12.02"]

1. c4 Nf6 2. Nc3 g6 3. g3 Bg7 4. Bg2 d6 5. Nf3 O-O 6. O-O c5 7. d3 Nc6 8. d4
cxd4 9. Nxd4 Nxd4 10. Qxd4 Ng4 11. Qd1 f5 12. Qb3 Kh8 13. h3 Ne5 14. f4 (14.
Bxb7) 14... Nc6 15. Nd5 e6 16. Nb4 $4 Qb6+ $1 17. c5 $2 Qxc5+ 18. Be3 Qxb4 19.
Qxb4 $6 Nxb4 {Comment les Noirs ont-ils donc bien pu perdre cette position???}
20. Rad1 d5 $2 21. Bc5 $1 Nc2 $2 22. Rd2 $1 {
Bon les Blancs recuperent la piece mais il reste le pion de plus des Noirs...}
b6 $4 {L'horreur totale.} (22... Bd4+ $1 23. Bxd4+ Nxd4 24. Rxd4 Bd7 {
et le pion de plus est presque decisif.}) 23. Bxf8 Bxf8 24. Rxc2 Rb8 $2 (24...
Bc5+ 25. Kh2 {et le Roi blanc est hors-jeu pour la finale.}) 25. Rfc1 Bb7 26.
e3 h5 27. h4 Bg7 28. Bf1 a6 $2 {Pour faire quoi?} 29. a4 Kg8 30. Kh2 $2 Kf8 31.
b3 Ke8 32. Rc7 $1 Kf8 33. Rd7 Bc8 $4 34. Ra7 $2 (34. Rd8+ $1 Ke7 35. Rdxc8 {
et hop! une Tour de plus}) 34... Bf6 35. Rcc7 Kg8 36. Rf7 $6 (36. Bxa6) 36...
Bc3 $2 37. Rfc7 $1 Ba1 $2 38. Bxa6 Bxa6 39. Rxa6 Bh8 $2 40. Raa7 e5 41. Rab7
Re8 42. Rxb6 exf4 43. exf4 Re2+ 44. Kh1 Re1+ 45. Kg2 Rg1+ {Un petit piege.} 46.
Kh2 $1 {Les Noirs abandonnent.} (46. Kxg1 Bd4+ 47. Kg2 Bxb6 48. Rc6 {
et les Blancs gagnent quand-meme!}) 1-0

[Event "Open Qualifcatif Marseille"]
[Site "?"]
[Date "2006.03.18"]
[Round "6.16"]
[White "Touzet, Camille"]
[Black "Beltrando, Jean-Luc"]
[Result "0-1"]
[WhiteElo "1310"]
[BlackElo "1430"]
[PlyCount "118"]
[EventDate "2006.05.10"]
[SourceDate "2005.12.02"]

1. e4 c5 2. Nf3 Nc6 3. d4 cxd4 4. Nxd4 Nf6 5. Nc3 g6 6. Nxc6 bxc6 7. Bf4 Qb6 8.
e5 Qxb2 9. exf6 Qxc3+ 10. Bd2 Qxf6 11. Rb1 Bg7 12. Bc1 Qe6+ 13. Be3 Qxa2 14.
Bd3 Bc3+ 15. Bd2 Bxd2+ 16. Kxd2 Qa5+ 17. c3 O-O 18. Ra1 Qg5+ 19. Kc2 d5 20. Re1
Bg4 (20... Qxg2) 21. f3 Be6 22. g3 Bf5 23. h4 Bxd3+ 24. Kxd3 Qf5+ 25. Ke3 Qe5+
26. Kf2 Qxc3 27. Re3 Qf6 28. h5 e5 29. hxg6 fxg6 30. Re1 e4 31. Rh1 Qxf3+ 32.
Qxf3 Rxf3+ 33. Kg2 Rc3 34. Rh2 a5 35. Rah1 Rc2+ 36. Kg1 Rxh2 37. Rxh2 Kg7 38.
Rc2 Ra6 39. Rc5 a4 40. Rc2 a3 41. Ra2 Kf6 42. g4 Ke5 43. Kg2 d4 44. g5 c5 45.
Kf2 Kf4 46. Ke2 c4 47. Kd2 e3+ 48. Ke2 d3+ 49. Kd1 Rb6 $1 50. Kc1 e2 51. Rxe2
dxe2 52. Kd2 a2 53. Kc2 a1=R (53... e1=B $1 54. Kd1 a1=Q+ 55. Ke2 Rb2+ 56. Kf1
Bg3#) 54. Kc3 Rd1 (54... e1=Q+ 55. Kxc4 Rc1+) 55. Kxc4 Rc6+ (55... e1=Q 56. Kc5
Qb4#) 56. Kb5 Rc2 57. Kb4 Rb1+ 58. Ka3 Rb8 59. Ka4 Ra2# 0-1

[Event "Open Qualifcatif Marseille"]
[Site "?"]
[Date "2006.03.18"]
[Round "6.17"]
[White "Brest, Jean-Francois"]
[Black "Bouilloux, Alain"]
[Result "1-0"]
[WhiteElo "1710"]
[BlackElo "1320"]
[PlyCount "121"]
[EventDate "2006.05.10"]
[SourceDate "2005.12.02"]

1. e4 e5 2. Nf3 Nc6 3. Bc4 Bc5 4. c3 d6 5. b4 Bb6 6. a4 a6 7. Qb3 Nh6 8. d3 O-O
9. Bxh6 gxh6 10. O-O Bg4 11. Nbd2 a5 12. b5 Ne7 13. h3 Bh5 14. d4 exd4 15. cxd4
Kh8 16. Qe3 Kg7 17. Qb3 f5 18. e5 d5 19. Bd3 c5 20. dxc5 Bxc5 21. Rac1 b6 22.
Qb1 Bf7 23. Bxf5 Nxf5 24. Qxf5 Bg6 25. Qg4 h5 26. Qg5 Qxg5 27. Nxg5 Bd3 28.
Ne6+ Kf7 29. Nxf8 Bxf1 30. Kxf1 Kxf8 31. Nb3 Rc8 32. Nd4 Ke7 33. Ke2 h4 34. Kf3
Rg8 35. Nc6+ Ke6 36. Rf1 h5 37. g3 Rf8+ 38. Kg2 hxg3 39. Kxg3 Rf5 40. f4 Be3
41. Rf3 Bg1 42. Rc3 Bc5 43. Nxa5 Bf2+ 44. Kxf2 Rxf4+ 45. Kg3 Kxe5 46. Nc6+ Kf5
47. Ne7+ Ke5 48. Re3+ $6 (48. Ng6+ $1) 48... Re4 49. Nc6+ Kd6 50. Rxe4 dxe4 51.
Kf4 Kd5 52. a5 e3 53. Kxe3 bxa5 54. Nxa5 Kc5 55. Kf4 Kxb5 56. Kg5 Kxa5 57. Kxh5
Kb6 58. Kg6 Kc6 59. h4 Kd7 60. h5 Ke8 61. Kg7 {Les Noirs abandonnent.} (61. h6
Kf8 62. h7 {marche aussi.}) 1-0

[Event "Open Qualifcatif Marseille"]
[Site "?"]
[Date "2006.03.18"]
[Round "6.18"]
[White "Le Francois, Phil"]
[Black "De Rougemont, Jean"]
[Result "1-0"]
[WhiteElo "1499"]
[BlackElo "1290"]
[PlyCount "65"]
[EventDate "2006.05.10"]
[SourceDate "2005.12.02"]

1. e4 e5 2. Nf3 Nc6 3. Bb5 d6 4. Bxc6+ bxc6 5. O-O d5 6. Nxe5 Bd6 7. Nxc6 Qd7
8. exd5 Ne7 9. Re1 Bb7 10. Nxe7 Bxe7 11. c4 c6 12. Nc3 cxd5 13. Qa4 Bc6 14. Qb3
dxc4 15. Qxc4 Rc8 16. Qh4 $5 Rc7 17. d4 O-O 18. Qg3 Bd6 19. Bf4 Bxf4 20. Qxf4
Rb7 21. b3 Rb4 22. Rad1 Rc8 23. Qg5 f6 24. Qd2 Qg4 25. g3 Qh3 26. Ne4 Rb5 27.
f3 f5 28. Nd6 Rbb8 29. Qf4 Bxf3 30. Qxf3 Rb6 31. Qd5+ Kh8 32. Nf7+ Kg8 33. Ng5+
$2 {Les Noirs abandonnent.} ({Il y avait tout de meme} 33. Nh6+ $1 Kh8 34. Qg8+
Rxg8 35. Nf7#) 1-0

[Event "Open Qualifcatif Marseille"]
[Site "?"]
[Date "2006.03.18"]
[Round "6.20"]
[White "Kaser, Simon"]
[Black "Burmonas, Romain"]
[Result "0-1"]
[WhiteElo "1370"]
[BlackElo "1420"]
[PlyCount "90"]
[EventDate "2006.05.10"]
[SourceDate "2005.12.02"]

1. e4 e5 2. Nf3 Nc6 3. Bc4 Be7 4. Nc3 Nf6 5. d3 d6 6. O-O Bg4 7. Be3 a6 8. h3
Bh5 9. Qe2 Nd4 10. Bxd4 exd4 11. Nd5 Nxd5 12. Bxd5 c6 13. Bb3 Bf6 14. Rac1 O-O
15. c3 dxc3 16. bxc3 Re8 17. Bd1 d5 18. Qc2 dxe4 19. dxe4 Qd6 20. Re1 Be7 21.
e5 Qd5 22. Nd4 Bxd1 23. Rcxd1 Bc5 24. Nf5 Qe6 $6 (24... Rxe5 $1 25. Rxd5 Rxe1+
26. Kh2 cxd5 {et les Noirs ont 2 Tours et un pion contre la Dame.}) 25. Nh4 $2
Qc8 $2 26. Nf3 Qc7 27. Ng5 g6 28. e6 $1 f6 29. Nf7 Re7 30. Nh6+ $2 (30. Re4)
30... Kg7 31. Ng4 Rae8 (31... h5 $1) 32. Qb3 Qc8 33. Qc4 b6 34. Qf4 Rxe6 35.
Qh6+ Kg8 36. Rxe6 Qxe6 37. Qh4 Rf8 38. Nh6+ Kg7 39. Ng4 Kh8 40. Qh6 Bd6 41. Ne3
Qe5 42. Nc4 Qh2+ 43. Kf1 Be7 $4 (43... Re8 $1 44. Ne3 Bf4) 44. Rd7 Re8 $2 45.
Ne3 $4 (45. Qe3 $1) 45... Qe5 {Les Blancs perdent au temps.} 0-1

[Event "Open Qualifcatif Marseille"]
[Site "?"]
[Date "2006.03.18"]
[Round "6.22"]
[White "Seyler, Victor"]
[Black "Houzelot, Alice"]
[Result "0-1"]
[WhiteElo "1009"]
[BlackElo "1080"]
[PlyCount "100"]
[EventDate "2006.05.10"]
[SourceDate "2005.12.02"]

1. e4 e5 2. Nf3 Nc6 3. Nc3 Nf6 4. Bb5 Be7 5. Bxc6 dxc6 6. d3 Bd6 7. Bg5 Bg4 8.
h3 Be6 9. O-O O-O 10. a3 Qe7 11. d4 exd4 12. Qxd4 Bc5 13. Bxf6 gxf6 14. Qd2 Qd6
15. Qxd6 Bxd6 16. Rfe1 f5 17. exf5 (17. e5 $1) 17... Bxf5 18. Nd4 Bg6 19. Ne4
Be5 20. Rad1 Rad8 21. c3 c5 22. Ng5 Bf4 23. Ndf3 Rxd1 24. Rxd1 Bh5 25. g3 Bxg5
26. Rd5 Bxf3 27. Rxg5+ Kh8 28. Rxc5 c6 29. Rf5 Be4 30. Rf4 Bd5 31. c4 Be6 32.
b3 Bxh3 33. g4 f5 34. f3 Kg7 35. g5 Rd8 36. Rh4 Rd1+ 37. Kf2 Bf1 38. Rh1 Rd2+
39. Kxf1 Rd1+ 40. Kg2 Rxh1 41. Kxh1 f4 42. Kh2 Kg6 43. Kh3 Kxg5 44. b4 b5 45.
c5 Kf5 46. Kh4 Ke5 47. Kg5 a6 48. Kh6 Kd4 49. Kg5 Ke3 50. Kg4 h5+ 0-1

[Event "Open Qualifcatif Marseille"]
[Site "?"]
[Date "2006.03.18"]
[Round "6.23"]
[White "Gaubil, Arthur"]
[Black "Barbier, Violaine"]
[Result "1-0"]
[WhiteElo "1010"]
[BlackElo "1499"]
[PlyCount "61"]
[EventDate "2006.05.10"]
[SourceDate "2005.12.02"]

1. Nf3 b6 2. Nc3 Bb7 3. d4 Nc6 4. e4 Na5 5. Bf4 e6 6. Bb5 c6 7. Bd3 Nf6 8. O-O
Nh5 9. Bg5 Qc7 10. e5 h6 11. Bh4 g5 12. Bg3 O-O-O 13. b4 Nxg3 14. hxg3 g4 15.
Nh4 b5 16. bxa5 Qxa5 17. Qd2 Bb4 18. a4 bxa4 19. Rxa4 Bxc3 20. Rxa5 Bxd2 21.
Rxa7 f5 22. Rd1 Kb8 23. Ra3 d6 24. Ng6 Bb4 25. Rb3 Ba5 26. Nxh8 Rxh8 27. exd6
Bb6 28. Rxb6 Ka7 29. Rdb1 Bc8 30. Rxc6 Bd7 31. Ra6# 1-0

[Event "Open Qualifcatif Marseille"]
[Site "?"]
[Date "2006.03.18"]
[Round "6.24"]
[White "Guyot, Bernard"]
[Black "Gaubil, Melisande"]
[Result "1-0"]
[WhiteElo "1290"]
[BlackElo "1010"]
[PlyCount "91"]
[EventDate "2006.05.10"]
[SourceDate "2005.12.02"]

1. e4 e5 2. Nf3 Nf6 3. Nc3 d6 4. d3 Bg4 5. Be2 Be7 6. O-O O-O 7. Be3 h6 8. h3
Bxf3 9. Bxf3 Nc6 10. a3 a6 11. Ne2 Nd7 12. c3 Nb6 13. d4 Re8 14. d5 Na5 15. Nc1
Bf6 16. Be2 Rc8 17. b3 c6 18. c4 cxd5 19. cxd5 Na8 20. Nd3 b5 21. Nb4 Nc7 22.
a4 bxa4 23. bxa4 Rb8 24. Bd2 Ra8 $2 25. Na2 Rb8 $4 26. Bxa5 Qc8 27. Nb4 Ra8 $2
28. Nc6 Bg5 29. Rb1 Rf8 30. Qd3 Bf6 $2 31. Bg4 $1 Qe8 32. Bxc7 Rc8 $2 33. Bxc8
Qxc8 34. Bxd6 Re8 35. Rfc1 Bg5 $4 36. Rc3 $2 (36. Ne7+ $1) 36... Bf4 $4 37.
Ne7+ $1 Rxe7 38. Rxc8+ Kh7 39. Bxe7 Bg5 $2 40. Bxg5 hxg5 41. Qxa6 g6 42. Rbb8
Kh6 43. Rh8+ Kg7 44. Qc8 $6 (44. Rbg8#) 44... Kf6 45. Rg8 Ke7 46. Qd8# 1-0

[Event "Open Qualifcatif Marseille"]
[Site "?"]
[Date "2006.03.18"]
[Round "6.25"]
[White "Noel, Jean-Baptiste"]
[Black "Lepretre, Thierry"]
[Result "0-1"]
[WhiteElo "1009"]
[BlackElo "1010"]
[PlyCount "30"]
[EventDate "2006.05.10"]
[SourceDate "2005.12.02"]

1. d4 d5 2. Nf3 Nc6 3. e3 Bf5 4. Nc3 e6 5. Be2 Nf6 6. Bd2 Bd6 7. O-O O-O 8. b3
Ne4 9. Nxe4 Bxe4 10. Nh4 Qxh4 11. g3 Qh3 12. f3 Bf5 13. Rc1 Rae8 14. Bd3 Bxg3
15. Bxf5 Qxh2# 0-1

[Event "Open Qualificatif Marseille"]
[Site "?"]
[Date "2006.04.08"]
[Round "7.1"]
[White "Cheraki, Roger"]
[Black "Robe, Pierre"]
[Result "0-1"]
[WhiteElo "1670"]
[BlackElo "1920"]
[PlyCount "80"]
[EventDate "2006.05.03"]
[SourceDate "2005.12.02"]

1. d4 f5 2. c4 Nf6 3. Nc3 g6 4. Nf3 Bg7 5. Bg5 Ne4 6. Nxe4 fxe4 7. Ng1 c6 8.
Qd2 O-O 9. e3 d5 10. h3 Nd7 11. Be2 Qe8 12. f3 e5 13. dxe5 Qxe5 14. Bf4 Qxb2
15. Qxb2 Bxb2 16. Rb1 Bc3+ 17. Kf2 d4 18. Bg3 d3 19. Bd1 Nb6 20. c5 Nd5 21. Bd6
Rf7 22. Bb3 Bd2 23. Bxd5 cxd5 24. Be5 b6 25. Bd4 bxc5 26. Bxc5 Rc7 27. Bd4 Rc2
28. fxe4 dxe4 29. h4 Bc3+ 30. Kg3 Bxd4 31. exd4 e3 32. Nf3 Bf5 33. Kf4 Re8 34.
Ne1 Rxa2 35. h5 d2 36. Rd1 dxe1=Q 37. Rhxe1 e2 38. Rc1 Re4+ 39. Kf3 Rxd4 40.
Rxe2 Bg4+ {Les Blancs abandonnent.} 0-1

[Event "Open Qualificatif Marseille"]
[Site "?"]
[Date "2006.04.08"]
[Round "7.3"]
[White "Desormes, Olivier"]
[Black "Mazzerbo, Olivier"]
[Result "0-1"]
[WhiteElo "1620"]
[BlackElo "1570"]
[PlyCount "94"]
[EventDate "2006.05.03"]
[SourceDate "2005.12.02"]

1. d4 d5 2. Nf3 Nf6 3. Bf4 e6 4. e3 Nbd7 5. Bd3 c5 6. c3 Be7 7. O-O Nh5 8. Re1
Nxf4 9. exf4 Nf6 10. Nbd2 h5 11. Ne5 Qb6 12. Qa4+ Bd7 13. Nxd7 Nxd7 14. Qb5
Qxb5 15. Bxb5 cxd4 16. cxd4 Bf6 17. Nf3 a6 18. Bxd7+ Kxd7 19. Ne5+ Bxe5 20.
fxe5 Rac8 21. Rac1 Rc4 22. Rc3 Rhc8 23. Rec1 b5 24. Kf1 b4 25. Rxc4 {
Les Blancs proposent nulle.} Rxc4 26. Rxc4 dxc4 27. Ke2 Kc6 28. b3 Kd5 29. Ke3
c3 30. Kd3 c2 31. Kxc2 Kxd4 32. Kd2 Kxe5 33. Ke3 g5 34. g3 a5 35. Kd3 Kd5 36.
Ke3 {Les Blancs proposent nulle.} e5 37. f3 f5 38. Kd3 e4+ 39. Ke3 {
Les Blancs proposent nulle.} Ke5 40. f4+ gxf4+ 41. gxf4+ Kd5 42. h4 Kc5 $3 43.
Kd2 Kd4 44. Ke2 e3 45. Kd1 Kd3 46. Kc1 e2 47. a4 Kc3 $1 {
Les Blancs abandonnent.} 0-1

[Event "Open Qualificatif Marseille"]
[Site "?"]
[Date "2006.04.08"]
[Round "7.4"]
[White "Corrias, Robert"]
[Black "Jouet, Philippe"]
[Result "0-1"]
[WhiteElo "1800"]
[BlackElo "1460"]
[PlyCount "42"]
[EventDate "2006.05.03"]
[SourceDate "2005.12.02"]

1. e4 e6 2. b3 c5 3. Nf3 Nc6 4. Bb2 d5 5. exd5 exd5 6. Be2 Nf6 7. O-O Be7 8. d4
O-O 9. Nc3 b6 10. a4 Bb7 11. Re1 a6 12. Rb1 Rc8 13. Na2 Qc7 14. dxc5 bxc5 15.
Bxf6 Bxf6 16. Qxd5 Nb4 17. Qh5 Nxa2 18. Qf5 Qc6 19. Bd3 g6 20. Be4 gxf5 21.
Bxc6 Bxc6 {Les Blancs abandonnent.} 0-1

[Event "Open Qualificatif Marseille"]
[Site "?"]
[Date "2006.04.08"]
[Round "7.5"]
[White "Coll, Marion"]
[Black "Fournier, Alain"]
[Result "1-0"]
[WhiteElo "1440"]
[BlackElo "1600"]
[PlyCount "97"]
[EventDate "2006.05.03"]
[SourceDate "2005.12.02"]

1. d4 Nf6 2. Nf3 d6 3. Bf4 Nbd7 4. e3 Nd5 5. c4 Nxf4 6. exf4 Nf6 7. g3 c6 8.
Nbd2 g6 9. Bd3 Bh3 10. Qc2 Bg7 11. Ng5 Bd7 12. O-O h6 13. Ngf3 Bh3 14. Rfe1 O-O
15. Re2 d5 16. c5 Rb8 17. b4 b6 18. Rae1 Ra8 19. Qc3 Bd7 20. Ne5 Be8 21. Ndf3
bxc5 22. bxc5 e6 23. Rb2 Rb8 24. Nd2 h5 25. Reb1 Rxb2 26. Rxb2 Qc7 27. Qb4 h4
28. Kg2 Nh5 29. Qb7 Qa5 30. Qb4 Qd8 31. Qa4 Qf6 32. Qd1 Kh7 33. Qxh5+ Bh6 34.
Qxh4 Qg7 35. Rb7 Rh8 36. Qe7 Qg8 37. Ng4 Kg7 38. Nf3 a5 39. Ra7 a4 40. Rxa4 Rh7
41. Ra8 Rh8 42. Nf6 Qf8 43. Qxf8+ Rxf8 44. Rxe8 Kxf6 45. Rxf8 Bxf8 46. a4 Ke7
47. Ne5 f5 48. Nxg6+ Ke8 49. Nxf8 {Les Noirs abandonnent.} 1-0

[Event "Open Qualificatif Marseille"]
[Site "?"]
[Date "2006.04.08"]
[Round "7.7"]
[White "Courtois, Jean-Baptiste"]
[Black "Druel, Patrice"]
[Result "1/2-1/2"]
[WhiteElo "1510"]
[BlackElo "1180"]
[PlyCount "123"]
[EventDate "2006.05.03"]
[SourceDate "2005.12.02"]

1. e4 d6 2. d4 Nf6 3. Nc3 g6 4. Bg5 Bg7 5. Nf3 O-O 6. Qd2 a6 7. h3 Nc6 8. Bh6
Re8 9. Bxg7 Kxg7 10. d5 Ne5 11. Nxe5 dxe5 12. O-O-O b5 13. f3 Bd7 14. g4 Ng8
15. h4 b4 16. Ne2 a5 17. h5 e6 18. hxg6 fxg6 19. d6 c5 20. Ng3 Rf8 21. Qh2 h6
22. Be2 Qg5+ 23. Kb1 Rab8 24. Qh4 Qxh4 25. Rxh4 Rfd8 26. Nf1 Be8 27. Ne3 g5 28.
Rh2 Rb7 29. Kc1 a4 30. Bc4 Bf7 31. Rhd2 Ra7 32. b3 axb3 33. cxb3 Nf6 34. Bb5
Nd7 35. Nc4 Kf6 36. Ba4 Be8 37. Kc2 Ra6 38. Kb1 Nb6 39. Nxb6 Rxb6 40. d7 Bf7
41. Rd6 Rxd6 42. Rxd6 Ke7 43. Ra6 h5 44. gxh5 Bxh5 45. Kc2 Bxf3 46. Kd3 g4 47.
Ke3 Bg2 48. Bc6 g3 49. Ke2 Rf8 50. Rb6 Bf1+ 51. Ke1 g2 52. Rb7 Rd8 53. Kf2 Kd6
54. Ba4 Bd3 55. Rb6+ Ke7 56. Kxg2 Bxe4+ 57. Kf2 Bb1 58. Rc6 Rxd7 59. Rxc5 Rd2+
60. Ke3 Rd4 61. Rc1 Bxa2 62. Ra1 {Les Noirs acceptent la nulle.} 1/2-1/2